| Tag |
First Indicator |
Second Indicator |
Subfields |
| LEADER |
00000cam a2200000 a 4500 |
| 001 |
in00002000203 |
| 005 |
20151031122148.0 |
| 008 |
040602s2005 maua b 001 0 eng |
| 010 |
|
|
|a 2004013031
|
| 020 |
|
|
|a 0205412769 (alk. paper)
|
| 035 |
|
|
|a (OCoLC)ocm55616435
|
| 040 |
|
|
|a DLC
|c DLC
|d C#P
|d TXA
|d UtOrBLW
|
| 043 |
|
|
|a n-us---
|
| 049 |
|
|
|a TXAM
|
| 050 |
0 |
0 |
|a LB2831.5
|b .S46 2005
|
| 082 |
0 |
0 |
|a 371.2/01/0973
|2 22
|
| 100 |
1 |
|
|a Seyfarth, John T.
|
| 245 |
1 |
0 |
|a Human resources management for effective schools /
|c John T. Seyfarth.
|
| 250 |
|
|
|a 4th ed.
|
| 264 |
|
1 |
|a Boston :
|b Pearson/Allyn and Bacon,
|c [2005]
|
| 264 |
|
4 |
|c ©2005
|
| 300 |
|
|
|a xviii, 318 pages :
|b illustrations ;
|c 25 cm.
|
| 336 |
|
|
|a text
|b txt
|2 rdacontent
|
| 337 |
|
|
|a unmediated
|b n
|2 rdamedia
|
| 338 |
|
|
|a volume
|b nc
|2 rdacarrier
|
| 504 |
|
|
|a Includes bibliographical references and index.
|
| 505 |
0 |
|
|a Human resources management and effective schools -- Planning for staffing needs -- Preparing for personnel selection -- Obtaining information and evaluating applicants -- Selecting administrative and support personnel -- Motivation of personnel -- Induction -- Professional development for educational personnel -- Evaluating employee performance -- Compensation and rewards -- Creating productive work environments -- Legal issues in human resources management -- Collective bargaining in schools -- Managing conflict in schools -- Termination and reduction in workforce.
|
| 650 |
|
0 |
|a School personnel management
|z United States.
|
| 650 |
|
0 |
|a School management and organization
|z United States.
|
| 856 |
4 |
1 |
|3 Table of contents
|u http://www.loc.gov/catdir/toc/ecip0418/2004013031.html
|t 0
|
| 994 |
|
|
|a E0
|b TXA
|
| 948 |
|
|
|a cataloged
|b h
|c 2004/10/12
|d c
|e jlanham
|f 1:57:58 pm
|
| 999 |
|
|
|a MARS
|
| 999 |
f |
f |
|s 1fd068a6-cb81-3be3-a314-ec89b32b101e
|i b1bf7dcb-1c7a-37a8-97ef-6472a4306e0f
|t 0
|
| 952 |
f |
f |
|p normal
|a Texas A&M University
|b College Station
|c Sterling C. Evans Library
|d Evans: Library Stacks
|t 0
|e LB2831.5 .S46 2005
|h Library of Congress classification
|i unmediated -- volume
|m A14831371499
|
| 998 |
f |
f |
|a LB2831.5 .S46 2005
|t 0
|l Evans: Library Stacks
|